Clasificación LaLiga 24-25 - Estadísticas

Estadísticas generales
  • Esta prueba ha sido intentada 136 veces
  • La puntuación promedio es 17 de 20
Estadísticas de respuestas
Hint Respuesta % Correcto
3 Atlético de Madrid
100%
1 Barcelona
100%
2 Real Madrid
100%
5 Villarreal
92%
6 Real Betis
91%
8 Rayo Vallecano
88%
7 Celta de Vigo
86%
4 Athletic Club
85%
20 Real Valladolid
85%
18 Leganés
82%
9 Osasuna
82%
17 Sevilla
82%
12 Valencia
82%
13 Getafe
81%
19 Las Palmas
81%
10 Mallorca
81%
11 Real Sociedad
80%
16 Girona
77%
14 Espanyol
76%
15 Deportivo Alavés
74%
No se encontraron pruebas coincidentes
Distribución de puntuación
Porcentaje de gente con cada puntuación
Porcentaje por número respondido
Historial de tus puntuaciones
No has intentado esta prueba.